000 00523nam a22001937a 4500
003 KOHA_MİRAKIL
005 20260325125613.0
008 260325b tu ||||| |||| 00| 0 tur d
020 _a9757273872
040 _aTR-AnABB
_btur
_cTR-AnABB
041 _atur
082 _a819.12
_bOZE 1995
100 1 _aÖzer, Ahmet
245 1 0 _aOnlarla Yaşadım /
_cAhmet Özer
260 _aAnkara :
_bprespero yayınları
_c1995
300 _a221 sayfa :
_c20 cm
650 0 4 _aTürk edebiyatı, roman
942 _2ddc
_cBK
999 _c10038
_d10038
900 _bCem ÖZOGLU